000 00248nam a2200109Ia 4500
008 230724s2007 xx und d
041 _aeng
100 _aBONO E.DE
245 _aSIX THINKING HATS
260 _bPENGUIN BOOKS
_c2007
300 _a177
999 _c1173960
_d1173960